Giáo trình pháp luật kinh tế
Giáo trình Pháp luật kinh tế được biên soạn với nội dung tập trung vào những quy định cơ bản, hiện hành của pháp luật Việt Nam điều chỉnh các quan hệ pháp luật phát sinh trong hoạt động quản lý nhà nước về kinh tế, đặc biệt là hoạt động...
Enregistré dans:
| Auteur principal: | |
|---|---|
| Format: | Livre |
| Langue: | Undetermined |
| Publié: |
Hà Nội
Đại Học Kinh tế Quốc dân
2011
|
| Sujets: | |
| Tags: |
Ajouter un tag
Pas de tags, Soyez le premier à ajouter un tag!
|
| Thư viện lưu trữ: | Trung tâm Học liệu Trường Đại học Cần Thơ |
|---|
| LEADER | 01526nam a2200217Ia 4500 | ||
|---|---|---|---|
| 001 | CTU_179863 | ||
| 008 | 210402s9999 xx 000 0 und d | ||
| 020 | |c 95000 | ||
| 082 | |a 346.597065 | ||
| 082 | |b T406 | ||
| 100 | |a Nguyễn, Hợp Toàn | ||
| 245 | 0 | |a Giáo trình pháp luật kinh tế | |
| 245 | 0 | |c Nguyễn Hợp Toàn (Chủ biên) | |
| 260 | |a Hà Nội | ||
| 260 | |b Đại Học Kinh tế Quốc dân | ||
| 260 | |c 2011 | ||
| 520 | |a Giáo trình Pháp luật kinh tế được biên soạn với nội dung tập trung vào những quy định cơ bản, hiện hành của pháp luật Việt Nam điều chỉnh các quan hệ pháp luật phát sinh trong hoạt động quản lý nhà nước về kinh tế, đặc biệt là hoạt động kinh doanh, thương mại, đồng thời cũng chú trọng đề cập những quy định của pháp luật cũng như những vấn đề thực tiễn điển hình nhằm tăng cường kỹ năng áp dụng pháp luật kinh tế đối với cán bộ quản lý kinh tế và cán bộ quản trị doanh nghiệp. | ||
| 650 | |a Bankruptcy,Business enterprises,Law and legislation,Phá sản,Doanh nghiệp kinh doanh,Luật và các văn bản pháp luật | ||
| 650 | |z Vietnam,Vietnam,Vietnam | ||
| 904 | |i Ánh Ngân, Trinh | ||
| 980 | |a Trung tâm Học liệu Trường Đại học Cần Thơ | ||